Infidel / (Record no. 24336)
[ view plain ]
| 000 -LEADER | |
|---|---|
| fixed length control field | 00918nam a22002177a 4500 |
| 008 - FIXED-LENGTH DATA ELEMENTS--GENERAL INFORMATION | |
| fixed length control field | 090225t xxu||||| |||| 00| 1 eng d |
| 010 ## - LCCN (DPL NO) | |
| LC control number | B-346054 |
| 020 ## - INTERNATIONAL STANDARD BOOK NUMBER | |
| International Standard Book Number | 9781416526247 |
| Terms of availability | $10.75 (Rs. 549.32) |
| 035 ## - SYSTEM CONTROL NUMBER | |
| System control number | B-346054 |
| 037 ## - SOURCE OF ACQUISITION | |
| Source of stock number/acquisition | Pansy Books |
| 040 ## - CATALOGING SOURCE | |
| Original cataloging agency | dpl |
| Language of cataloging | English |
| 082 ## - DEWEY DECIMAL CLASSIFICATION NUMBER | |
| Classification number | 949.2073092 |
| 100 ## - MAIN ENTRY--PERSONAL NAME | |
| Personal name | Ayaan Hirsi Ali |
| 245 ## - TITLE STATEMENT | |
| Title | Infidel / |
| Statement of responsibility, etc | by Ayaan Hirsi Ali |
| 260 ## - PUBLICATION, DISTRIBUTION, ETC. (IMPRINT) | |
| Place of publication, distribution, etc | London |
| Name of publisher, distributor, etc | Pocket Books |
| Date of publication, distribution, etc | 2008 |
| 270 ## - ADDRESS | |
| Address | Africa House, 64-78 Kingsway |
| City | London |
| Postal code | WC2B6AH |
| 300 ## - PHYSICAL DESCRIPTION | |
| Extent | xx, 353p. : |
| Dimensions | 20cm (pbk) |
| Other physical details | b&w photos |
| 942 ## - ADDED ENTRY ELEMENTS (KOHA) | |
| Source of classification or shelving scheme | Dewey Decimal Classification |
| Item type | English Books |
| Call number suffix | AYA |
| Classification part | 949.2073092 |
| Withdrawn status | Lost status | Source of classification or shelving scheme | Damaged status | Not for loan | Collection code | Home library | Current library | Date acquired | Source of acquisition | Cost, normal purchase price | Total Checkouts | Full call number | Barcode | Date last seen | Copy number | Cost, replacement price | Koha item type |
|---|---|---|---|---|---|---|---|---|---|---|---|---|---|---|---|---|---|
| Dewey Decimal Classification | Non-fiction | Central Library | Central Library | 25/02/2009 | Pansy Books/907/25.6.09/57/5.6.09/4.7.09 | 549.32 | 949.2073092 AYA | B-346054 | 25/02/2009 | 1 | 549.32 | English Books |
